| 000 | 01026nam a2200277Ia 4500 | ||
|---|---|---|---|
| 001 | Para_10313 | ||
| 003 | CHAP | ||
| 008 | 220125sJuni xx 000 0 und d | ||
| 010 | _a205320 | ||
| 040 | _cCHAP | ||
| 090 | _aPA CD - TESIS 341 | ||
| 100 |
_aVelázquez Martínez, Guadalupe del Carmen _9118567 |
||
| 245 |
_aEtiología de la pudrición carbonosa de la caña de azúcar (Saccharum officinarum L.) en la región de Papaloapan, Veracruz / _c Guadalupe del Carmen Velázquez Martínez; Director Santos Gerardo Leyva Mir |
||
| 260 |
_aChapingo, Méx. : _b el autor |
||
| 300 | _a1 CDS ROM (36 p.) | ||
| 502 | _aTesis (M.C. en Protección Vegetal). UACh. Departamento Parasitología Agrícola | ||
| 700 |
_aLerva Mir, Santos Gerardo. Director _9171344 |
||
| 710 | _aUACh Departamento Parasitología Agrícola | ||
| 901 | _aPA CD - TESIS 341 | ||
| 902 | _aM | ||
| 905 | _a513220Junio, 2014 abnm8100000000 06 | ||
| 910 | _aJuni | ||
| 942 | _cPARA | ||
| 942 |
_cPARA _d2 |
||
| 999 |
_c205320 _d205320 |
||